000 01198nam a22002057a 4500
999 _c62870
_d62870
003 Ge_BSU
005 20250313152059.0
008 250313s1949 ge ||||| |||| 00| 0 geo d
041 _ageo
080 _a616.12 ჟ-99
100 _aჟღენტი, ვლადიმერ
_924552
245 _aგულისა და სისხლმილთა დაავადებანი ქ. თბილისის პათოლოგიურ ანატომიურ მასალაში /
_cვლ. ჟღენტი; საქ. სსრ მეცნ. აკად., კლინიკ. და ექსპერიმ. კარდიოლოგიის ინ-ტი.
264 _aთბ. :
_b საქ. სსრ მეცნ. აკად. გამ-ბა,
_c1949.
300 _a112 გვ. ;
_b24 სმ.
520 _aრეზ. რუს. ენ.
653 _aგულის დაავადებები
653 _aსისხლძარღვთა დაავადებები
856 _u https://dspace.nplg.gov.ge/bitstream/1234/495746/1/GulisaDaSisxlmiltaDaavadebani_1949.pdf
_yელ. ვერსია
942 _2udc
_cᲬᲘᲒᲜᲘ